[Event "Pan American-ch School U11 12th"]
[Site "Callao"]
[Date "2023.10.21"]
[Round "9"]
[White "Arana Bello, Bruno Josef"]
[Black "Llatas Parihuaman, Jose Maria"]
[Result "1/2-1/2"]
[WhiteElo "1274"]
[BlackElo "1314"]
[PlyCount "43"]
[EventDate "2023.10.16"]
[EventType "swiss"]
[EventRounds "9"]
[EventCountry "PER"]
[SourceTitle "CB48_2023"]
[SourceDate "2023.11.29"]
[SourceVersion "1"]
[SourceVersionDate "2023.11.29"]
[SourceQuality "1"]

1. c4 e6 2. Nc3 d5 3. e3 Nf6 4. Nf3 Be7 5. Be2 0-0 6. 0-0 c5 7. d4 Nc6 8. a3 Ne4 9. cxd5 exd5 10. dxc5 Nxc3 11. bxc3 Bxc5 12. Nd4 Nxd4 13. exd4 Bd6 14. Bf3 Be6 15. Qb3 Qd7 16. g3 Qc6 17. Rb1 Rab8 18. a4 Rfc8 19. Bd2 h6 20. Rfe1 Qc4 21. Be2 Qxb3 22. Rxb3 1/2-1/2

[Event "Pan American-ch School U11 12th"]
[Site "Callao"]
[Date "2023.10.19"]
[Round "7"]
[White "Santiago Perez, Luis Yamil"]
[Black "Llatas Parihuaman, Jose Maria"]
[Result "1-0"]
[WhiteElo "1570"]
[BlackElo "1314"]
[PlyCount "87"]
[EventDate "2023.10.16"]
[EventType "swiss"]
[EventRounds "9"]
[EventCountry "PER"]
[SourceTitle "CB48_2023"]
[SourceDate "2023.11.29"]
[SourceVersion "1"]
[SourceVersionDate "2023.11.29"]
[SourceQuality "1"]

1. e4 c5 2. Nf3 d6 3. d4 cxd4 4. Nxd4 Nf6 5. f3 a6 6. c4 e5 7. Nc2 Be6 8. Nc3 Nbd7 9. Be3 Rc8 10. b3 b5 11. Nd5 Bxd5 12. cxd5 Nc5 13. Be2 Be7 14. 0-0 Nfd7 15. Nb4 Nb8 16. a4 0-0 17. axb5 axb5 18. Bxb5 Qb6 19. Qe2 g6 20. Nc6 Nxc6 21. Ra6 Qb7 22. dxc6 Qc7 23. Bxc5 dxc5 24. Rd1 Rcd8 25. Rd7 Rxd7 26. cxd7 Rb8 27. Qd3 Kg7 28. Bc4 Rf8 29. Qd5 f6 30. Re6 Qd8 31. Rc6 Qa5 32. Qd1 Qc3 33. Re6 Bd8 34. Re8 Qd4+ 35. Qxd4 cxd4 36. Kf2 Bc7 37. Ke2 f5 38. Kd3 h5 39. Bd5 f4 40. b4 g5 41. h3 h4 42. Kc4 Rh8 43. Kc5 Rf8 44. b5 1-0

[Event "Pan American-ch School U11 12th"]
[Site "Callao"]
[Date "2023.10.16"]
[Round "2"]
[White "Tagle Soto, Gabriel Ignacio"]
[Black "Llatas Parihuaman, Jose Maria"]
[Result "0-1"]
[WhiteElo "1103"]
[BlackElo "1314"]
[PlyCount "50"]
[EventDate "2023.10.16"]
[EventType "swiss"]
[EventRounds "9"]
[EventCountry "PER"]
[SourceTitle "CB48_2023"]
[SourceDate "2023.11.29"]
[SourceVersion "1"]
[SourceVersionDate "2023.11.29"]
[SourceQuality "1"]

1. e4 c5 2. Nf3 d6 3. d4 cxd4 4. Nxd4 Nf6 5. Nc3 a6 6. Bg5 e6 7. Be2 Be7 8. 0-0 Nbd7 9. f4 0-0 10. Re1 Qb6 11. Rb1 e5 12. Kh1 Qxd4 13. Qxd4 exd4 14. Nd5 Nxd5 15. exd5 Bxg5 16. fxg5 Nb6 17. Bf3 Bf5 18. Rbc1 Rac8 19. c4 Nxc4 20. Rcd1 d3 21. Re7 Nxb2 22. Rb1 d2 23. h3 Bxb1 24. Re3 d1Q+ 25. Bxd1 Nxd1 0-1